000 01061nam a22003017a 4500
003 CHAP
005 20220329135854.0
008 971013s1974 r 00010 d
010 _a43619
011 _a44591
035 _a48729
040 _cCHAP
082 _a633.61
_bR3Y
100 0 0 _aRajimbaev, Farid.
_993775
245 _aMetodología para un proyecto de riego en el cultivo de la caña de azúcar
260 _aLa Habana :
_bInstituto Cubano del Libro,
_c(1974)
300 _a132 p.
_b: ilus. ; gráfs.
590 _aBATCH-UPD
_b10
_c20130110
_lUCH01
_h2141
590 _aBATCH-UPD
_b10
_c20130410
_lUCH01
_h1449
590 _aBATCH-UPD
_b10
_c20130914
_lUCH01
_h0836
590 _aCONVERSION
_b10
_c20130109
_lUCH01
_h1324
650 1 4 _aCaña de azúcar
_xIrrigación.
_918618
901 _aBK
942 _cLIBRO
949 _a633.61 R3Y
_bBC
_cLIBRO
_d33724000196085
_eLIBRO
_fc.2
_h32710
_i48729
_si
949 _a633.61 R3Y
_bBC
_cLIBRO
_d33724000196093
_eLIBRO
_fc.3
_h37990
_i48729
_si
949 _a633.61 R3Y
_bBC
_cLIBRO
_d33724000196101
_eLIBRO
_h32709
_i48729
_si
999 _c43619
_d43619